00562 2200205 4500001002100000008004100021035002000062245006000082100002000142250001000162260003900172300002800211020002200239084001600261520002600277082001000303650002100313990001100334990001100345INLIS000000000014996 ind  a0010-1222000075 aHobi jadi BisniscCarolina Ratri;editor, Herlina P Dewi aCAROLINA, Ratri acet.1 aYogyakarta :bStiletto Book,c2019 a130 hlm.: ilus.c20 cm. a978-602-336-861-7 a650.1 CAR h aBibliografi.: 130 hlm a650.1 aMANAJEMEN.BISNIS a9993 a a9993 b